Quick Pick: 19th Century Companies Quiz Stats

 Plays Quiz Updated May 12, 2016

Challenge
Share
Tweet
Embed
Score 0/15 Timer 01:30
4 Plays Today
% Correct
Levi Strauss & Co. (Levi's)
87%
The Coca-Cola Company
84.3%
Eastman Kodak Company
80.7%
Wells Fargo & Company
78.6%
The Goodyear Tire & Rubber Company
77.8%
Union Pacific Railroad
77.1%
Cadbury
75.7%
Procter & Gamble
70.3%
% Correct
Heineken International
66.6%
Nestlé
60.2%
Macy's
60%
Deloitte Touche Tohmatsu Limited (Deloitte)
54.6%
Swarovski AG
42.9%
Yamaha Corporation
30.1%
Fiat S.p.A
29.1%

Today's Daily Dose

You're not logged in!

Compare scores with friends on all Sporcle quizzes.
Join for Free
OR
Log In

You Might Also Like...

Show Comments

Extras

Top Quizzes Today


Score Distribution

Your Account Isn't Verified!

In order to create a playlist on Sporcle, you need to verify the email address you used during registration. Go to your Sporcle Settings to finish the process.

Report this User

Report this user for behavior that violates our Community Guidelines.

Details: